|
|
|
|
| LEADER |
00913nam a22002652a 4500 |
| 001 |
000804848 |
| 003 |
CZ BrMZK |
| 005 |
20180926122626.0 |
| 007 |
ta |
| 008 |
060110s1958 xr er|||||||||||cze d |
| 015 |
|
|
|a cnb000729039
|
| 035 |
|
|
|a (OCoLC)85701752
|
| 040 |
|
|
|a BOA001
|b cze
|
| 100 |
1 |
|
|a Špelda, Antonín,
|d 1904-1989
|7 jk01130864
|4 aut
|
| 245 |
1 |
0 |
|a Akustika /
|c Antonín Špelda
|
| 250 |
|
|
|a 2. pozm. a dopl. vyd.
|
| 260 |
|
|
|a Praha :
|b SPN,
|c 1958
|
| 300 |
|
|
|a 236 s.
|
| 490 |
1 |
|
|a Učební texty vysokých škol / Vyšší pedagogická škola v Plzni
|
| 710 |
2 |
|
|a Vyšší pedagogická škola (Plzeň, Česko)
|7 ko2001100260
|
| 810 |
2 |
|
|a Vyšší pedagogická škola v Plzni.
|t Učební texty vysokých škol
|0 s
|
| 910 |
|
|
|a BOA001
|b PK-N-0002.915
|
| 964 |
|
|
|a Akustika - úvody
|
| 990 |
|
|
|a BK
|
| 996 |
7 |
|
|b 3119649509
|c PK-N-0002.915
|l MZK
|r Sklad / do 1 hodiny
|n 6
|w 000804848
|u 000010
|a 1
|e BOA001
|j MZK50
|s A
|